Ballon D'or voittajat - Statistics

Yleistilastot
  • Tätä visaa on pelattu 86 kertaa
  • Keskiarvotulos 24 / 67
Vastaustilastot
Vuosi Voittaja % Oikein
2023 Lionel Messi
98%
2021 Lionel Messi
98%
2019 Lionel Messi
98%
2015 Lionel Messi
98%
2012 Lionel Messi
98%
2011 Lionel Messi
98%
2010 Lionel Messi
98%
2009 Lionel Messi
98%
2017 Cristiano Ronaldo
92%
2016 Cristiano Ronaldo
92%
2014 Cristiano Ronaldo
92%
2013 Cristiano Ronaldo
92%
2008 Cristiano Ronaldo
92%
2002 Ronaldo
92%
1997 Ronaldo
92%
2018 Luka Modric
83%
2022 Karim Benzema
71%
2005 Ronaldinho
69%
2007 Kaka
62%
2006 Fabio Cannavaro
40%
1998 Zinedine Zidane
40%
2001 Michael Owen
32%
1995 George Weah
31%
1963 Lev Yashin
29%
2003 Pavel Nedved
28%
1992 Marco van Basten
26%
1989 Marco van Basten
26%
1988 Marco van Basten
26%
1999 Rivaldo
26%
1987 Ruud Gullit
26%
1985 Michel Platini
25%
1984 Michel Platini
25%
1983 Michel Platini
25%
1974 Johan Cruyff
23%
1973 Johan Cruyff
23%
1971 Johan Cruyff
23%
1976 Franz Beckenbauer
22%
1972 Franz Beckenbauer
22%
1960 Luis Suarez
22%
2004 Andriy Shevchenko
20%
1970 Gerd Muller
18%
2000 Luís Figo
18%
1959 Alfredo Di Stefano
17%
1957 Alfredo Di Stefano
17%
1965 Eusebio
17%
1968 George Best
14%
1966 Bobby Charlton
11%
1990 Lothar Matthaus
9%
1993 Roberto Baggio
8%
1994 Hristo Stoichkov
5%
1979 Kevin Keegan
5%
1978 Kevin Keegan
5%
1982 Paolo Rossi
5%
1956 Stanley Matthews
5%
1962 Josef Masopust
3%
1961 Omar Sivori
3%
1958 Raymond Kopa
3%
1977 Allan Simonsen
2%
1967 Florián Albert
2%
1969 Gianni Rivera
2%
1991 Jean-Pierre Papin
2%
1981 Karl-Heinz Rummenigge
2%
1980 Karl-Heinz Rummenigge
2%
1975 Oleh Blohin
2%
1964 Denis Law
0%
1986 Ihor Bjelanov
0%
1996 Matthias Sammer
0%
Ehtoja vastaavia visoja ei löytynyt
Tulosjakauma
Jokaisen tuloksen saaneiden osuus
Persentiili vastausten määrän mukaan
Tuloshistoriasi
Et ole pelannut tätä visaa